[Event "Steyr op"]
[Site "Steyr"]
[Date "2012.09.02"]
[Round "7"]
[White "Leichtfried, Hans Martin"]
[Black "Nagl, Franz"]
[Result "1/2-1/2"]
[WhiteElo "2068"]
[BlackElo "2126"]
[PlyCount "127"]
[EventDate "2012.08.27"]
[EventType "swiss"]
[EventRounds "7"]
[EventCountry "AUT"]
[SourceTitle "CBM 150 Extra"]
[Source "ChessBase"]
[SourceDate "2012.10.19"]
[SourceVersion "1"]
[SourceVersionDate "2012.10.19"]
[SourceQuality "1"]

1. d4 Nf6 2. c4 g6 3. g3 Bg7 4. Bg2 0-0 5. Nf3 c6 6. Nc3 a6 7. a4 d5 8. Ne5 dxc4 9. Nxc4 Be6 10. Ne5 Nbd7 11. Nxd7 Qxd7 12. 0-0 Rad8 13. e3 Bh3 14. Qe2 h5 15. f3 Bh6 16. Rd1 Bxg2 17. Kxg2 Qe6 18. Ra3 b5 19. axb5 axb5 20. Ra6 Qc8 21. Ra1 Rd7 22. b3 Rfd8 23. Ba3 Qb8 24. Bb4 e5 25. Bc5 exd4 26. Bxd4 Bg7 27. b4 Nd5 28. Bxg7 Kxg7 29. Nxd5 Rxd5 30. Rxd5 Rxd5 31. Rd1 Qd6 32. Qb2+ f6 33. Rxd5 Qxd5 34. Qc2 Kf7 35. e4 Qe6 36. Qd2 g5 37. Qd4 Ke7 38. Qa7+ Qd7 39. Qc5+ Qd6 40. Qc3 Kd7 41. Qb3 Qe6 42. Qd3+ Kc7 43. Qd4 Qe5 44. Qd2 c5 45. bxc5 Qxc5 46. Qa5+ Qb6 47. Qc3+ Qc6 48. Qa5+ Kb7 49. Qb4 Kb6 50. Qd4+ Ka5 51. Qa1+ Kb6 52. Qd4+ Kc7 53. Qa7+ Kd6 54. Qd4+ Ke6 55. Kf2 Qd6 56. Ke3 Qa3+ 57. Ke2 Qa2+ 58. Ke3 Qxh2 59. Qd5+ Ke7 60. Qb7+ Kf8 61. Qc8+ Kg7 62. Qd7+ Kh6 63. Qf7 Qg1+ 64. Ke2 1/2-1/2

[Event "Steyr op"]
[Site "Steyr"]
[Date "2008.06.28"]
[Round "4"]
[White "Nagl, Franz"]
[Black "Knoll, Hermann"]
[Result "0-1"]
[WhiteElo "2155"]
[BlackElo "2386"]
[PlyCount "76"]
[EventDate "2008.06.25"]
[EventType "swiss"]
[EventRounds "5"]
[EventCountry "AUT"]
[SourceTitle "CBM 125 Extra"]
[Source "ChessBase"]
[SourceDate "2008.09.01"]
[SourceVersion "1"]
[SourceVersionDate "2008.09.01"]
[SourceQuality "1"]

1. d4 Nf6 2. c4 e6 3. g3 c5 4. d5 exd5 5. cxd5 d6 6. Nc3 g6 7. Bg2 Bg7 8. Nf3 0-0 9. 0-0 Na6 10. Nd2 Nc7 11. a4 b6 12. Nc4 Ba6 13. Na3 Qd7 14. h3 Rfe8 15. Re1 Re7 16. e4 Rae8 17. Bf4 Nh5 18. Bg5 f6 19. Be3 f5 20. exf5 Nxg3 21. fxg6 hxg6 22. Qd2 Nf5 23. Bg5 Rxe1+ 24. Rxe1 Rxe1+ 25. Qxe1 Bxc3 26. Qxc3 Qxa4 27. Qf6 Qe8 28. h4 Qf7 29. Qd8+ Kh7 30. h5 Bd3 31. hxg6+ Kxg6 32. Bf4 Ne8 33. Bh3 Nf6 34. Bxf5+ Kxf5 35. Bxd6 Qxd5 36. Bc7 Qxd8 37. Bxd8 Nd5 38. f3 b5 0-1

[Event "Steyr op"]
[Site "Steyr"]
[Date "2008.06.27"]
[Round "3"]
[White "Nagl, Franz"]
[Black "Heimberger, Reinhard"]
[Result "1-0"]
[WhiteElo "2155"]
[BlackElo "2257"]
[PlyCount "111"]
[EventDate "2008.06.25"]
[EventType "swiss"]
[EventRounds "5"]
[EventCountry "AUT"]
[SourceTitle "CBM 125 Extra"]
[Source "ChessBase"]
[SourceDate "2008.09.01"]
[SourceVersion "1"]
[SourceVersionDate "2008.09.01"]
[SourceQuality "1"]

1. Nf3 c5 2. c4 Nc6 3. g3 g6 4. Bg2 Bg7 5. Nc3 e5 6. 0-0 Nge7 7. d3 d6 8. Nd5 0-0 9. a3 h6 10. Rb1 Be6 11. Nd2 Rc8 12. e3 Qd7 13. Re1 f5 14. f4 Bf7 15. Qa4 Rfd8 16. b4 Nxd5 17. cxd5 Ne7 18. Qxd7 Rxd7 19. e4 cxb4 20. axb4 exf4 21. gxf4 Bd4+ 22. Kh1 Rc2 23. Nf3 Bc3 24. Rd1 Rc7 25. Bd2 Bxd2 26. Rxd2 Rxd2 27. Nxd2 Rc3 28. Bf1 g5 29. Nc4 fxe4 30. dxe4 Nxd5 31. fxg5 hxg5 32. Nxd6 Bg6 33. Re1 Nxb4 34. Nxb7 Nc2 35. Rb1 Ne3 36. Nd6 Kf8 37. Kg1 a5 38. Nb5 Rc5 39. Bd3 Nd5 40. Nd6 Nf4 41. Bb5 Ke7 42. Nb7 Rc2 43. Bf1 a4 44. Ra1 Be8 45. Na5 g4 46. Nc4 Nh3+ 47. Bxh3 gxh3 48. Ne3 Re2 49. Nd5+ Kd6 50. Nf4 Re3 51. Kf2 Rb3 52. Rd1+ Kc5 53. Rd8 Bc6 54. Nd3+ Kb6 55. e5 a3 56. Rb8+ 1-0

[Event "AUT-chT2M 0102"]
[Site "Austria"]
[Date "2001.11.04"]
[Round "3.3"]
[White "Nagl, Franz"]
[Black "Korninger, Johannes"]
[Result "0-1"]
[WhiteElo "2189"]
[BlackElo "2198"]
[PlyCount "82"]
[EventDate "2001.11.02"]
[EventType "team-tourn"]
[EventRounds "11"]
[EventCountry "AUT"]
[SourceTitle "EXT 2003"]
[Source "ChessBase"]
[SourceDate "2002.11.25"]
[SourceVersion "1"]
[SourceVersionDate "2002.11.25"]
[SourceQuality "1"]
[WhiteTeam "Stein Steyr"]
[BlackTeam "Hartkirchen"]
[WhiteTeamCountry "AUT"]
[BlackTeamCountry "AUT"]

1. e4 c6 2. d4 d5 3. e5 Bf5 4. Nc3 e6 5. g4 Bg6 6. Nge2 h6 7. Bg2 c5 8. Be3 Nc6 9. 0-0 cxd4 10. Nxd4 Nxd4 11. Bxd4 h5 12. f4 hxg4 13. f5 Bxf5 14. Nxd5 Ne7 15. Ne3 Qc7 16. c3 g6 17. Qa4+ Nc6 18. Nc4 Rh5 19. Rad1 Be7 20. Bb6 Qc8 21. Rd8+ Bxd8 22. Nd6+ Kf8 23. Nxc8 Rxc8 24. Bxd8 Rxd8 25. Rd1 Rxd1+ 26. Qxd1 Kg7 27. Qd6 Bb1 28. Bxc6 bxc6 29. a4 Be4 30. Qd4 Bf3 31. Qxa7 Rxe5 32. Qd4 f6 33. Qd7+ Kh6 34. Qd2+ g5 35. Kf2 f5 36. b4 Rd5 37. Qa2 e5 38. a5 f4 39. h3 e4 40. hxg4 Bxg4 41. a6 e3+ 0-1

[Event "AUT-chT2M 0102"]
[Site "Austria"]
[Date "2001.11.02"]
[Round "1.3"]
[White "Nagl, Franz"]
[Black "Linhart, Wolfgang"]
[Result "0-1"]
[WhiteElo "2189"]
[BlackElo "2238"]
[PlyCount "92"]
[EventDate "2001.11.02"]
[EventType "team-tourn"]
[EventRounds "11"]
[EventCountry "AUT"]
[SourceTitle "EXT 2003"]
[Source "ChessBase"]
[SourceDate "2002.11.25"]
[SourceVersion "1"]
[SourceVersionDate "2002.11.25"]
[SourceQuality "1"]
[WhiteTeam "Stein Steyr"]
[BlackTeam "Sauwald"]
[WhiteTeamCountry "AUT"]
[BlackTeamCountry "AUT"]

1. e4 c5 2. Nc3 e6 3. g3 d5 4. d3 Nf6 5. Bg2 dxe4 6. Nxe4 Nxe4 7. Bxe4 Nd7 8. Ne2 Nf6 9. Bg2 Be7 10. Nc3 0-0 11. 0-0 Qb6 12. a4 Bd7 13. a5 Qa6 14. Bg5 h6 15. Be3 Rad8 16. Na4 Bxa4 17. Rxa4 b5 18. Ra1 b4 19. Qe2 Nd5 20. Bd2 Bf6 21. Ra2 Rd6 22. Rc1 Rfd8 23. Bf1 Qc8 24. Qg4 Kh8 25. c3 bxc3 26. bxc3 Ne7 27. Qc4 Ng6 28. f4 e5 29. f5 Qxf5 30. Be3 Bg5 31. Re1 Bxe3+ 32. Rxe3 Qg5 33. Rf3 f5 34. Qxc5 a6 35. Rg2 Rd5 36. Qb4 Rb5 37. Qa3 Rb1 38. Qa2 Rdb8 39. h3 e4 40. dxe4 fxe4 41. Rff2 Ne5 42. Rf8+ Rxf8 43. Qxb1 Nf3+ 44. Kh1 Nd2 45. Rxd2 Qxd2 46. Bxa6 e3 0-1

[Event "AUT-chT2M 9900"]
[Site "Austria"]
[Date "2000.03.18"]
[Round "10.4"]
[White "Hinteregger, Arthur"]
[Black "Nagl, Franz"]
[Result "1-0"]
[WhiteElo "2168"]
[BlackElo "2208"]
[PlyCount "78"]
[EventDate "1999.??.??"]
[EventType "team-tourn"]
[EventRounds "11"]
[EventCountry "AUT"]
[SourceTitle "EXT 2004"]
[Source "ChessBase"]
[SourceDate "2003.11.25"]
[SourceVersion "1"]
[SourceVersionDate "2003.11.25"]
[SourceQuality "1"]

1. e4 c5 2. Nc3 d6 3. f4 Nc6 4. Nf3 g6 5. Bc4 Bg7 6. 0-0 Bd7 7. f5 gxf5 8. d3 Nf6 9. Qe1 h6 10. Qg3 Rg8 11. Kh1 Qc8 12. Nd5 Nxd5 13. Bxd5 Nd4 14. Nxd4 cxd4 15. Bxh6 Kf8 16. Bxg7+ Rxg7 17. Qf2 e6 18. Bb3 Qc5 19. exf5 exf5 20. Qf4 Bc6 21. Rf2 Re8 22. Kg1 Re3 23. Qh4 Kg8 24. Qd8+ Re8 25. Qf6 Qe5 26. Qxe5 dxe5 27. Rxf5 Rxg2+ 28. Kf1 Re7 29. Re1 Rxh2 30. Rexe5 Rxe5 31. Rxe5 Kg7 32. Rg5+ Kf6 33. Rg4 Kf5 34. Rxd4 Ke5 35. Rd8 f5 36. d4+ Kf6 37. d5 Ke7 38. Ra8 Bd7 39. Rxa7 Bb5+ 1-0

[Event "AUT-chT2M 9900"]
[Site "Austria"]
[Date "2000.01.16"]
[Round "7.4"]
[White "Urankar, Hans Peter"]
[Black "Nagl, Franz"]
[Result "1-0"]
[WhiteElo "2218"]
[BlackElo "2208"]
[PlyCount "121"]
[EventDate "1999.??.??"]
[EventType "team-tourn"]
[EventRounds "11"]
[EventCountry "AUT"]
[SourceTitle "EXT 2004"]
[Source "ChessBase"]
[SourceDate "2003.11.25"]
[SourceVersion "1"]
[SourceVersionDate "2003.11.25"]
[SourceQuality "1"]

1. g3 d5 2. Nf3 Nf6 3. Bg2 Nbd7 4. 0-0 e5 5. d3 Bd6 6. c4 c6 7. cxd5 cxd5 8. Nc3 0-0 9. Nd2 Nb6 10. b3 Be6 11. Bb2 Rc8 12. e4 d4 13. Nb5 Bb8 14. a4 a6 15. Na3 Ne8 16. Qe2 f6 17. f4 Nd7 18. fxe5 fxe5 19. Rxf8+ Nxf8 20. Ndc4 Nd7 21. Rf1 Nef6 22. a5 Bc7 23. Qd2 b5 24. axb6 Nxb6 25. h3 Nbd7 26. Rb1 Rb8 27. Bc1 Nc5 28. Qc2 Ncd7 29. Kh2 Qe8 30. Bd2 Qg6 31. Rf1 Bd8 32. Be1 Be7 33. Nb1 Qe8 34. Nbd2 Qc8 35. Nf3 Bxc4 36. bxc4 Bd6 37. Nh4 Nc5 38. g4 Rb3 39. Nf5 Bf8 40. Rf3 Qb8 41. Qe2 Ncd7 42. Bg3 Rb2 43. Qe1 Qb6 44. Rf2 g6 45. g5 gxf5 46. Rxb2 Qxb2 47. exf5 Ne8 48. Qe4 Nc7 49. Qc6 Nc5 50. Bxe5 Nxd3 51. Bxc7 Qe2 52. Qd5+ Kh8 53. Qxd4+ Kg8 54. Qe4 Qxe4 55. Bxe4 Nb4 56. f6 Bc5 57. h4 Na2 58. Be5 a5 59. h5 Be3 60. g6 hxg6 61. hxg6 1-0

[Event "AUT-chT2M 0001"]
[Site "Austria"]
[Date "2000.??.??"]
[Round "4"]
[White "Nagl, Franz"]
[Black "Schwabeneder, Alois"]
[Result "1-0"]
[WhiteElo "2180"]
[BlackElo "2085"]
[PlyCount "79"]
[EventDate "2000.??.??"]
[EventType "team-tourn"]
[EventRounds "9"]
[EventCountry "AUT"]
[SourceTitle "EXT 2003"]
[Source "ChessBase"]
[SourceDate "2002.11.25"]
[SourceVersion "1"]
[SourceVersionDate "2002.11.25"]
[SourceQuality "1"]

1. e4 d6 2. d4 Nf6 3. Bd3 c5 4. c3 Nc6 5. Ne2 e6 6. 0-0 Be7 7. Nd2 0-0 8. Kh1 a6 9. a4 Bd7 10. f4 cxd4 11. cxd4 Rc8 12. Bb1 Nb4 13. Nc3 Qa5 14. Nb3 Qc7 15. Be3 Qb8 16. Bg1 Rfd8 17. Qe1 b5 18. a5 Nc6 19. e5 Ne8 20. Ne4 f5 21. exd6 Bxd6 22. Nxd6 Qxd6 23. Nc5 Rb8 24. Nxa6 Ra8 25. Nc5 Bc8 26. Nb3 Nf6 27. Bd3 Qd5 28. Qd1 Bb7 29. Rf3 Nh5 30. Nc5 Nxd4 31. Bxd4 Bc6 32. Be3 Nxf4 33. Bxf4 Qxc5 34. Rg3 e5 35. Bh6 Rd7 36. Qb3+ Kh8 37. Bxf5 Bd5 38. Qe3 Qxe3 39. Bxe3 Rf7 40. Bd3 1-0

[Event "AUT-chT2O 9495"]
[Site "Austria"]
[Date "1995.??.??"]
[Round "?"]
[White "Hiermann, Dietmar"]
[Black "Nagl, Franz"]
[Result "1-0"]
[WhiteElo "2090"]
[BlackElo "2215"]
[PlyCount "79"]
[EventDate "1994.??.??"]
[EventType "team-tourn"]
[EventRounds "11"]
[EventCountry "AUT"]
[SourceTitle "EXT 1999"]
[Source "ChessBase"]
[SourceDate "1998.11.16"]
[SourceVersion "1"]
[SourceVersionDate "1998.11.16"]
[SourceQuality "1"]

1. e4 c5 2. Nc3 Nc6 3. f4 d6 4. Nf3 g6 5. Bc4 Bg7 6. 0-0 e6 7. d3 Nge7 8. Qe1 Nd4 9. Nxd4 cxd4 10. Ne2 Bd7 11. f5 gxf5 12. Ng3 Be5 13. exf5 exf5 14. Nh5 Qc7 15. Bg5 Be6 16. Bf6 Kd7 17. Bb5+ Nc6 18. Bxh8 Rxh8 19. Ng3 f4 20. Nh5 d5 21. Bxc6+ bxc6 22. Qh4 Kc8 23. Nxf4 Bd7 24. Nh5 f5 25. Rae1 Rg8 26. Nf6 Bxf6 27. Qxf6 Qd8 28. Qxd4 Qb6 29. Qxb6 axb6 30. Re7 h6 31. Rh7 Rg6 32. Re1 Be6 33. Kf2 d4 34. g3 c5 35. a3 Kd8 36. h3 Rf6 37. Re5 Bf7 38. Kf3 Bh5+ 39. Kf4 Rf8 40. Ree7 1-0

[Event "Donau op 03rd"]
[Site "Aschach"]
[Date "1994.??.??"]
[Round "?"]
[White "Mahdy, Khaled"]
[Black "Nagl, Franz"]
[Result "1-0"]
[WhiteElo "2440"]
[BlackElo "2235"]
[PlyCount "77"]
[EventDate "1994.12.??"]
[EventType "swiss"]
[EventRounds "7"]
[EventCountry "AUT"]
[SourceTitle "EXT 1997"]
[Source "ChessBase"]
[SourceDate "1996.11.15"]
[SourceVersion "1"]
[SourceVersionDate "1996.11.15"]
[SourceQuality "1"]

1. e4 c5 2. Nf3 d6 3. c3 Nf6 4. Be2 Nc6 5. d4 e5 6. 0-0 Be7 7. dxe5 dxe5 8. Qc2 0-0 9. Nbd2 Qc7 10. Re1 Ne8 11. Nc4 Be6 12. Ne3 Rd8 13. Bc4 Bxc4 14. Nxc4 Bf6 15. Be3 b6 16. Qe2 Nd6 17. Nfd2 Nxc4 18. Nxc4 Qe7 19. a4 Qe6 20. a5 b5 21. Na3 b4 22. Nb5 bxc3 23. bxc3 Be7 24. Nc7 Qc8 25. Nd5 Bd6 26. Qc4 Nb8 27. Rab1 Rd7 28. Red1 Qc6 29. Rd3 Rc8 30. h4 Bf8 31. h5 h6 32. Rd2 Rb7 33. Rdb2 Rxb2 34. Rxb2 Qa6 35. Qxa6 Nxa6 36. Rb7 c4 37. Rxa7 Nc5 38. Bxc5 Bxc5 39. Rc7 1-0

[Event "AUT-chT"]
[Site "Austria"]
[Date "1992.??.??"]
[Round "?"]
[White "Nagl, Franz"]
[Black "Kranzl, Peter"]
[Result "1-0"]
[WhiteElo "2235"]
[BlackElo "2325"]
[PlyCount "83"]
[EventDate "1992.??.??"]
[EventType "team-tourn"]
[EventRounds "11"]
[EventCountry "AUT"]
[SourceTitle "EXT 1997"]
[Source "ChessBase"]
[SourceDate "1996.11.15"]
[SourceVersion "1"]
[SourceVersionDate "1996.11.15"]
[SourceQuality "1"]

1. d4 Nf6 2. c4 g6 3. Nc3 Bg7 4. e4 d6 5. Be2 0-0 6. Bg5 Nbd7 7. Qd2 e5 8. d5 Nc5 9. f3 h6 10. Be3 Nh5 11. g3 Kh7 12. 0-0-0 Bd7 13. f4 exf4 14. Bxc5 dxc5 15. Bxh5 gxh5 16. gxf4 a6 17. Nge2 h4 18. Qe3 Qe7 19. e5 Bf5 20. Ne4 b6 21. N2c3 Kh8 22. d6 cxd6 23. Nxd6 Qe6 24. Nd5 Rab8 25. Rhg1 Rfd8 26. Rg2 Rxd6 27. exd6 Qxd6 28. Ne7 Qe6 29. Nxf5 Qxf5 30. Rd5 Qf6 31. Qe5 Qxe5 32. fxe5 Re8 33. Re2 Kh7 34. Kc2 Re6 35. Kd3 Rg6 36. Rd6 Rg5 37. e6 fxe6 38. Rdxe6 b5 39. Rxa6 Rg4 40. cxb5 Rd4+ 41. Kc2 Rb4 42. b3 1-0

[Event "HUN-ch op"]
[Site "Gyor"]
[Date "1990.??.??"]
[Round "1"]
[White "Nagl, Franz"]
[Black "Knezevic, Milorad"]
[Result "0-1"]
[WhiteElo "2240"]
[BlackElo "2445"]
[PlyCount "74"]
[EventDate "1990.09.??"]
[EventType "swiss"]
[EventRounds "11"]
[EventCountry "HUN"]
[SourceTitle "EXT 1997"]
[Source "ChessBase"]
[SourceDate "1996.11.15"]
[SourceVersion "1"]
[SourceVersionDate "1996.11.15"]
[SourceQuality "1"]

1. d4 f5 2. Bg5 c6 3. Nd2 d5 4. e3 Nd7 5. Bd3 Ndf6 6. Ngf3 g6 7. 0-0 Ne4 8. Bxe4 fxe4 9. Ne5 Nf6 10. f4 exf3 11. Qxf3 Bg7 12. c4 0-0 13. Qe2 Bf5 14. cxd5 cxd5 15. Qb5 Qb6 16. Qxb6 axb6 17. Rfc1 Rfc8 18. a3 Kf8 19. Nef3 Nd7 20. Bf4 Rc6 21. Ne5 Bxe5 22. dxe5 Nc5 23. b4 Nd3 24. Rxc6 bxc6 25. Nb3 c5 26. b5 Nxf4 27. exf4 Ra4 28. Nd2 Ke8 29. g3 Kd8 30. Kf2 Kc7 31. Nf3 d4 32. Ng5 h6 33. Nf7 h5 34. e6 c4 35. Ne5 c3 36. Ke2 Kd6 37. Nc6 d3+ 0-1

[Event "Eger op"]
[Site "Eger"]
[Date "1989.??.??"]
[Round "?"]
[White "Arencibia Rodriguez, Walter"]
[Black "Nagl, Franz"]
[Result "1-0"]
[WhiteElo "2395"]
[BlackElo "2255"]
[PlyCount "95"]
[EventDate "1989.??.??"]
[EventType "swiss"]
[EventRounds "9"]
[EventCountry "HUN"]
[SourceTitle "EXT 2002"]
[Source "ChessBase"]
[SourceDate "2001.11.25"]
[SourceVersion "1"]
[SourceVersionDate "2001.11.25"]
[SourceQuality "1"]

1. d4 d5 2. c4 e6 3. Nc3 Nf6 4. Bg5 Be7 5. cxd5 exd5 6. Qc2 c6 7. e3 Nbd7 8. Bd3 0-0 9. Nge2 Re8 10. h3 Nf8 11. g4 a5 12. 0-0-0 b5 13. Kb1 a4 14. Ng3 Qa5 15. Nce2 Bd7 16. Bf5 Rac8 17. Nf4 g6 18. Bxf6 Bxf6 19. Nd3 Ne6 20. Bxe6 Bxe6 21. Nc5 Be7 22. f4 Bxc5 23. Qxc5 Bd7 24. Rd3 Qd8 25. Qc2 Qf6 26. Qd2 Re7 27. Rf1 Rce8 28. Rf3 Kh8 29. a3 Bc8 30. Rc3 Qd6 31. Rc5 Bd7 32. Ka2 Kg8 33. Rc1 Kh8 34. Qc3 Qf6 35. f5 Qg5 36. Re1 Qh4 37. e4 Qxh3 38. fxg6 Qxg4 39. gxf7 Rf8 40. exd5 Rxe1 41. Qxe1 Qxd4 42. Ka1 Bg4 43. Rf4 Qg7 44. dxc6 h5 45. c7 Rc8 46. Qe8+ Qg8 47. Qe5+ Kh7 48. Nxh5 1-0

[Event "HUN-ch op"]
[Site "Eger"]
[Date "1987.??.??"]
[Round "?"]
[White "Dobos, Jozsef"]
[Black "Nagl, Franz"]
[Result "1-0"]
[WhiteElo "2225"]
[BlackElo "2255"]
[PlyCount "47"]
[EventDate "1987.07.15"]
[EventType "swiss"]
[EventRounds "11"]
[EventCountry "HUN"]
[SourceTitle "EXT 1997"]
[Source "ChessBase"]
[SourceDate "1996.11.15"]
[SourceVersion "1"]
[SourceVersionDate "1996.11.15"]
[SourceQuality "1"]

1. e4 c5 2. Nf3 d6 3. d4 cxd4 4. Nxd4 Nf6 5. Nc3 a6 6. Bc4 e6 7. Bb3 Be7 8. f4 Qc7 9. Qf3 Nc6 10. Be3 Na5 11. g4 Nxb3 12. axb3 Rb8 13. g5 Nd7 14. f5 e5 15. Nd5 Qd8 16. f6 gxf6 17. Nf5 Bf8 18. gxf6 h6 19. Rf1 Rh7 20. Rg1 Rh8 21. 0-0-0 Qa5 22. Kb1 b5 23. b4 Qd8 24. Ng7+ 1-0